000 00548nam a22001817a 4500
003 UA-OsUOA
001 10431
007 ta
008 20050120b un ||||| |||| 00| 0 ukr d
100 _aМайданик Н.
942 _cSA
040 _aUA-OsUOA
_cUA-OsUOA
_dUA-OsUOA
245 _aЕволюція цивільно-правового регулювання зобов'язань з гри і парі
300 _aС.109-112
955 _a0
773 0 _w0
_tПраво України
_dКиїв
_d2005
_gN1
650 7 _aУкраїна
_2UDC
999 _c296592
_d296592